Akt, pornografia, erotika...

Bibliographic Details
Main Author: Šmok, Ján, 1921-1997 (Author)
Format: Article
Language:Slovak
PhysicalDescription:Fotogr. 4
Subjects:

MARC

LEADER 00000nab a2200000 a 4500
001 vtls000481686
003 SK-MaSNL
005 20260303020456.0
008 120927c1993 xo 0 slo
015 |a SNBRB19rr/mm-uuuuu 
035 |a CL0481821 
040 |a SNKBUCL  |b slo  |c SNKBUCL  |e AACR2 
041 0 |a slo 
044 |a xo  |c SK 
080 |a 77.04.041.3  |2 1981 
100 1 |a Šmok, Ján,  |d 1921-1997  |4 aut  |9 6405 
245 1 0 |a Akt, pornografia, erotika...  |c Ján Šmok 
300 |b Fotogr. 4 
650 0 7 |a akty  |2 SNKPH  |9 29923 
650 0 7 |a pornografia  |2 snkbucl  |9 2678 
650 0 7 |a fotografia  |2 SNKPH  |9 1694 
655 7 |a články z novín a časopisov  |2 snkbucl  |9 267496 
773 0 |t Národná osveta  |g Roč. 3, č. 4 (1993), s. 20-21 
850 |a Slovenská národná knižnica v Martine  |a MTA001 
852 |a SNK  |b KIS3GCP 
958 |a RK 
992 |a RBX 
999 |c 1618478  |d 1620408